00782nam a22002177a 4500999001900000005001700019010001500036020002600051035001400077037001300091082001500104245010600119260004600225270004200271300002000313700002100333700002200354700002200376942002900398952013700427 c194135d19413520221208113602.0 aENG-135786 a9788181713346c900.00 aEN-119318 bDBAD/PUB a591.680954 aEndemic Animals of India (Vertebrates)/cEd by K. Venkataraman, A. Vhattopadhyay and K.A. Subramanian aKolkatabZoological Survey of Indiac2013 aM-Block, New AliporebKolkatae700071 a238p.c28cm(hb) aVenkataraman, K. aChattopadhyay, A. aSubramanian, K.A. 2ddccENmENDh591.680954 001040708NFICaAVbAVd2022-12-08eDBAD/PUBg900.00l0o591.680954 ENDpEN-119318r2022-12-08 00:00:00t1v900.00w2022-12-08yEN